000 00322nam a22001457a 4500
008 211019b ||||| |||| 00| 0 eng d
020 _a9780393933482
041 _aeng
080 _25th
_a159.9
082 _a159.9
100 _a48
101 _aPSI
245 _aThe Personality Puzzle
_cFunder,D.C
942 _2udc
_cBK
999 _c58283
_d58283